| 000 | 006180000a22001810004500 | ||
|---|---|---|---|
| 003 | MACL | ||
| 005 | 20160427124042.0 | ||
| 008 | 160427b xxu||||| |||| 00| 0 eng d | ||
| 040 |
_aMACL _cMACL |
||
| 041 | _aHindi | ||
| 082 | _a800 | ||
| 100 |
_aजुबैरी मुफख्खर एहतिशाम _954301 |
||
| 245 | _aहिन्दी-उर्दू उपन्यास एक अन्तर्यात्रा | ||
| 260 |
_aनई दिल्ली _bअनु प्रकाशन _c2007 |
||
| 350 | _a250 | ||
| 650 |
_aLiterature _954302 |
||
| 942 |
_cHIN _k800/JUB/L _2ddc |
||
| 999 |
_c11699 _d11699 |
||